Examining the Role of Patent Quality in Large-Scale "Patent War" Litigation (Record no. 21763)
[ view plain ]
| 000 -LEADER | |
|---|---|
| fixed length control field | 00647nam a2200121Ia 4500 |
| 008 - FIXED-LENGTH DATA ELEMENTS--GENERAL INFORMATION | |
| fixed length control field | 220620s9999||||xx |||||||||||||| ||und|| |
| 100 ## - MAIN ENTRY--PERSONAL NAME | |
| Personal name | Zohni, Wael |
| 245 #0 - TITLE STATEMENT | |
| Title | Examining the Role of Patent Quality in Large-Scale "Patent War" Litigation |
| Remainder of title | A Historical Comparison and Proposal for a Restorative U.S. Patent System |
| 546 ## - LANGUAGE NOTE | |
| Language note | English[eng] |
| 650 ## - SUBJECT ADDED ENTRY--TOPICAL TERM | |
| Topical term or geographic name entry element | Wright||Patent Quality||Historical Comparison||USPTO history||Curtiss||Patent War Litigation||Apple||Historical Proposal||patent prosecution||Patent||USPTO||patent examination||Samsung||Restorative Patent System |
| 856 ## - ELECTRONIC LOCATION AND ACCESS | |
| Uniform Resource Identifier | <a href="https://www.nomos-elibrary.de/10.5771/9783845293097">https://www.nomos-elibrary.de/10.5771/9783845293097</a> |
| 942 ## - ADDED ENTRY ELEMENTS (KOHA) | |
| Koha item type | E-Books |
| Withdrawn status | Lost status | Damaged status | Not for loan | Home library | Current library | Date acquired | Total Checkouts | Date last seen | Price effective from | Koha item type |
|---|---|---|---|---|---|---|---|---|---|---|
| Kerala University of Digital Sciences, Innovation and Technology Knowledge Centre | Kerala University of Digital Sciences, Innovation and Technology Knowledge Centre | 20/06/2022 | 20/06/2022 | 20/06/2022 | E-Books |